00715cam a2200193 i 4500020001800000041000800018082001600026100001400042245004600056260005900102300002200161520002600183650002400209700003600233942000700269952011400276952011400390999001700504 a9789558387047 aENG a270.82bSOM aSomaratna00aFootprints of an ecumenical pilgrimage :  aColombobNational Christian Counsil of Sri Lankac2014 axxii, 216 pages ; aContributed articles. 0aEcumenical movement1 aSōmaratna, Jī. Pī. Vī., cBK 00104070aHMIbHMIcGENd2025-10-22eDirectorg1000.00l0o270.82 SOMp11003207r2025-10-22w2025-10-22yBK 00104070aHMIbHMIcGENd2025-10-22eDirectorg1000.00l0o270.82 SOMp11003208r2025-10-22w2025-10-22yBK c23638d23638